Slovník latinských citátů - 2. vydání

Saved in:
Bibliographic Details
Main Author Josef, Čermák
Other Authors Hellerová Kristina
Format Electronic eBook
LanguageCzech
Published Universum 2022
Edition1. elektronické vydání
Subjects
Online AccessDostupné v BOOKPORT po přihlášení pomocí eduID
ISBN978-80-242-8185-8
978-80-242-8184-1
Physical Description1 online zdroj (544 stran)

Cover

LEADER 00000nam a2200000 i 4500
001 bkp723404891
003 CZ-prgp
005 20240911085408.0
006 m o d
007 cr cn
008 240911s2022 xr o 000 1 cze
020 |a 978-80-242-8185-8  |c 0 Kč  |q (online ; pdf) 
020 |a 978-80-242-8184-1  |c 399 Kč  |q (print) 
040 |a Grada  |b cze  |e rda 
100 1 |a Josef, Čermák 
245 1 0 |a Slovník latinských citátů - 2. vydání  |c Čermák Josef, Hellerová Kristina 
250 |a 1. elektronické vydání 
264 1 |b Universum  |c 2022 
300 |a 1 online zdroj (544 stran) 
336 |a text  |b txt  |2 rdacontent 
337 |a počítač  |b c  |2 rdamedia 
338 |a online zdroj  |b cr  |2 rdacarrier 
520 3 |a Kniha obsahuje v češtině nejširší dosud publikovaný výběr latinských citátů, rčení a pořekadel, a to v původní latinské podobě i v českém překladu. Více než 4300 záznamů latinské vzdělanosti je kromě abecedního řazení možno vyhledat i podle českého rejstříku či klíčových slov. 
650 0 4 |a Humor, satira 
700 1 |a Hellerová Kristina 
856 4 0 |u https://www.bookport.cz/AccountSaml/SignIn/?idp=https://shibboleth.utb.cz/idp/shibboleth&returnUrl=/kniha/slovnik-latinskych-citatu-2-vydani-13549/  |y Dostupné v BOOKPORT po přihlášení pomocí eduID